00994nam a22003014a 450000100060000000300080000600500170001400800390003102000200007002000230009002000260011302000300013903500220016903500250019104000320021604100080024808200250025624501210028126000600040230000280046250400510049065000290054165000190057065000290058965000250061870000240064370000250066736639BD-RjUL20211209052519.0140805s2002 caua b 001 0 eng a0761995439 (hb) a9780761995432 (hb) a8178290221 (India-hb) a9788178290225 (India-hb) a(DLC) 2002022694 a(DLC)1290a(BD-RjUL) aDLCcDLCdDLCdBD-RjULbeng aeng00a338.19221bSUS 200200aSustainable agriculture and food security :bthe impact of globalisation /cedited by Vandana Shiva, Gitanjali Bedi. aNew Delhi ;aThousand Oaks :bSage Publications,c2002. a513 p. :bill. ;c22cm. aIncludes bibliographical references and index. 0aFood industry and trade. 0aGlobalization. 0aSustainable agriculture. 0aInternational trade.1 aShiva, Vandana. ed.1 aBedi, Gitanjali. ed.